Quince aǫs de reformas jurd̕icas (1993-2008)

Detalles Bibliográficos
Otros Autores: Ayuso Pozo, Anna, Espuny Toms̀, Mara̕ Jess︢ (Conductor), Paz Torres, Olga (Conductor)
Formato: Desconocido
Lenguaje:español
Publicado: Madrid : Dykinson, D.L. 2009
Materias:
Acceso en línea:Acceso restringido

MARC

LEADER 00000ny a22000003n 4500
005 2011062309219.0
008 100416s2009 sp a | |||| 100 0 spa
017 |a D.L.M.52024-2009 
020 |a 9788498497465 
035 |a 5035 
040 |a NoBUC-SpMaBN  |d vLex 
080 |a 349.2:331(460) 
090 |c 1076  |d 1076 
245 0 0 |a Quince aǫs de reformas jurd̕icas (1993-2008)  |h [Recurso electrn̤ico]  |c M® Jess︢ Espuny Toms̀, Olga Paz Torres (coordinadoras) ; Anna Ayuso Pozo ... [et al.] 
256 |a Servicio en ln̕ea 
260 |a Madrid :  |b Dykinson,  |c D.L. 2009 
300 |a 301 p. :  |b il. ;  |c 24 cm 
500 |a Recoge las ponencias presentadas en el marco de las IX jornadas interdisciplinarias de estudio de la Diplomatura de Relaciones Laborales, realizadas en 2008 en Barcelona 
504 |a Incluye referencias bibliogrf̀icas 
506 1 |a Contenido solo disponible en los productos indicados  |d vLex Global  |d vLex Global (Academic Edition, excluding Law Schools)  |d vLex Global (U.S. Academic Edition, Law Schools)  |d vLex Global (U.S. Academic Edition, excluding Law Schools)  |d vLex Global (Academic Edition, Law Schools) 
650 0 7 |a Relaciones laborales  |2 Tesauro vLex 
700 1 |a Ayuso Pozo, Anna 
700 1 |a Espuny Toms̀, Mara̕ Jess︢,  |e dir. 
700 1 |a Paz Torres, Olga,  |e dir. 
740 0 |a vLex Libros (Servicios en ln̕ea) 
856 4 0 |u http://vlex.com/source/5035  |z Acceso restringido 
942 |c BOOK